| 000 | 00442nam a22001697a 4500 | ||
|---|---|---|---|
| 005 | 20240902121454.0 | ||
| 008 | 240831b |||||||| |||| 00| 0 eng d | ||
| 020 | _a978-81-906467-7-2 | ||
| 041 | _aeng | ||
| 082 | _a615.1 KOH | ||
| 100 |
_aKOHLI, D.P.S AND SHAH, D.H _98480 |
||
| 245 | _aDRUG FORMULATIONS MANUAL | ||
| 260 |
_aNEW DELHI _bBUSINESS HORIZONS _c2011 |
||
| 300 | _a506;P | ||
| 650 |
_aPHARMACY _xM.PHARMA _98499 |
||
| 942 | _cBK | ||
| 999 |
_c8609 _d8607 |
||